| 000 | 00607nam a2200241Ia 4500 | ||
|---|---|---|---|
| 005 | 20250425161826.0 | ||
| 008 | 250425s9999 xx 000 0 und d | ||
| 020 | _a9978862080 | ||
| 041 | _aspa | ||
| 082 | _a341.02636 | ||
| 245 | 0 | _aLEY DE MERCADO DE VALORES Y REGLAMENTOS | |
| 250 | _a2A ED. | ||
| 260 |
_aEcuador _bCORPORACION DE ESTUDIOS Y PUBLICACIONES _c1993 |
||
| 260 | _aS.L. | ||
| 300 | _a66 | ||
| 500 | _aACTUALIZACION A NOVIEMBRE DE 1993 | ||
| 650 | _aDERECHO PUBLICO | ||
| 650 | _aLEYES | ||
| 650 | _aMERCADO DE VALORES | ||
| 650 | _aREFORMAS | ||
| 942 | _c01 | ||
| 010 | _a31214 | ||
| 999 |
_c216876 _d216876 |
||